Laterite and lateritic soils (Record no. 19620)

MARC details
000 -LEADER
fixed length control field 00300nam a2200121Ia 4500
082 ## - DEWEY DECIMAL CLASSIFICATION NUMBER
Classification number 631.445.73
Item number PRE
100 ## - MAIN ENTRY--AUTHOR NAME
Personal name Pendleton, R L
245 #0 - TITLE STATEMENT
Title Laterite and lateritic soils
260 ## - PUBLICATION, DISTRIBUTION, ETC. (IMPRINT)
Place of publication London
Name of publisher CAB
Year of publication 1952
700 ## - ADDED ENTRY--PERSONAL NAME
Personal name Prescott, J A
942 ## - ADDED ENTRY ELEMENTS (KOHA)
Koha item type Books
Holdings
Withdrawn status Lost status Damaged status Not for loan Home library Current library Date acquired Full call number Accession Number Koha item type
        RRII Library RRII Library 16/12/2021 631.445.73 PRE 00353 Books